Kto zagrał więcej spotkań w...#1 - Statystyki

Ogólne statystyki
  • Ten quiz został rozwiązany 689 razy
    685 od ostatniego zresetowania
  • Średni wynik to 4 z 10
Statystyki odpowiedzi
Zagadnienie Odpowiedź % Poprawnych
Kto zagrał więcej spotkań w Bundeslidze? Rafał Gikiewicz
64%
Kto zagrał więcej spotkań w Bayernie Monachium ? Manuel Neuer
59%
Kto zagrał więcej spotkań w Manchesterze United? Federico Macheda
49%
Kto zagrał więcej spotkań w Realu Madryt? Antonio Adan
44%
Kto zagrał więcej spotkań w Serie A? Andrea Pirlo
38%
Kto zagrał więcej spotkań w Reprezentacji Portugalii? Andre Martins
35%
Kto zagrał więcej spotkań w Ekstraklasie? Toamsz Jodłowiec
34%
Kto zagrał więcej spotkań w Legii Warszawa? Jorge Salinas
32%
Kto zagrał więcej spotkań w Reprezentacji Polski? Marcin Radzewicz
25%
Kto zagrał więcej spotkań w Lechu Poznań? Bartosz Ślusarski
21%
Nie znaleziono quizów pasujących do podanych kryteriów
Rozkład punktacji
Procent ludzi z każdym wynikiem
Percentyl według liczby udzielonych odpowiedzi
Twoja historia wyników
Nie rozwiązałeś tego quizu od ostatniego zresetowania